000 00504cam a22002171 4500
001 sa 64002729
003 DLC
005 20260227112011.0
008 890802s1962 ii 000 0 tamo
010 _asa 64002729
035 _a(OCoLC)20114882
040 _aDLC
_cWaU
_dDLC
042 _apremarc
050 0 0 _aDS432.T3
_bC37
100 0 _aCentur̲aimuttu.
245 1 0 _aTamil̲ nīti.
260 _c[1962]
300 _a123 p.
_c19 cm.
500 _aIn Tamil.
650 0 _aTamil (Indic people)
999 _c57477
_d57477